00923nam a2200193 a 450000100100000000500170001000800410002704000250006824501120009324600270020526001000023230000330033256300600036570000360042570000350046195201050049695201110060199900170071200003970520201002033705.0130716s1998 br 000 0 spa d aDO-SdBNPbspacBNPHU00aBiblioteca virtual en salud =bVirtual health library /cEditado por Abel Laerte Packer, Elenice de Castro.14aVirtual health library aSao Paulo :bCentro Latinoamericano y del Caribe de Informacion en Ciencias de la Salud,c1998. a122, 120 p. :bil. ;c20 cm. aDos obras encuadernada junta con paginación invertida1 aLaerte Packer, Abeleed.9658961 aCastro, Elenice deeed.965897 001050718MOaGRbGRcCTd2013-07-16iLF1l0o p39705-10r2020-06-25w2020-06-25y1ZNo se presta 001050718MOaGRbGRcCTd2013-07-16iLF1l0o p39705-20r2020-06-25te. 2w2020-06-25y1ZNo se presta c39195d39195